Megrongálták a deszki hivatalt
Elmentve itt :
| Dokumentumtípus: | Cikk |
|---|---|
| Megjelent: |
2007-12-06
|
| Sorozat: | Délmagyarország
97 No. 284 |
| Kulcsszavak: | Deszk, Közigazgatás polgármesteri hivatal, Épület rongálás |
| Online Access: | http://dmarchiv.bibl.u-szeged.hu/139296 |
| LEADER | 00454nab a2200145 i 4500 | ||
|---|---|---|---|
| 001 | delm139296 | ||
| 005 | 20191213090338.0 | ||
| 008 | 191213s2007 hu o 0|| hun d | ||
| 040 | |a SZTE Délmagyarország Archívum |b hun | ||
| 041 | |a hun | ||
| 245 | 0 | 0 | |a Megrongálták a deszki hivatalt |h [elektronikus dokumentum] |
| 260 | |c 2007-12-06 | ||
| 300 | |a 4 | ||
| 490 | 0 | |a Délmagyarország |v 97 No. 284 | |
| 695 | |a Deszk, Közigazgatás polgármesteri hivatal, Épület rongálás | ||